| 000 | 00421nam a22001817a 4500 | ||
|---|---|---|---|
| 003 | NUST | ||
| 020 | _a9788184315875 | ||
| 038 | _aKhadija | ||
| 082 |
_a620.105 _bSAW |
||
| 100 |
_aSAWANT, H. J. _982883 |
||
| 245 | _aEngineering Mechanics | ||
| 250 | _a1st | ||
| 260 |
_aNew Delhi: _bTechanical publications Pune; _c2008. |
||
| 300 |
_aunpaged. ; _b22 cm. |
||
| 500 | _aPaperback. | ||
| 563 | _aPB | ||
| 942 |
_cBK _2ddc |
||
| 999 |
_c32471 _d32471 |
||